[Event "DVM U16 2024"]
[Site "Sebnitz GER"]
[Date "2024.12.29"]
[Round "6"]
[White "Sydykov, Bayastan"]
[Black "Malchereck, Romeo"]
[Result "1-0"]
[Termination "normal"]
[Board "8.1"]
[WhiteTitle "FM"]
[WhiteElo "2221"]
[BlackElo "1775"]
[WhiteTeam "SK 1858 Gießen"]
[BlackTeam "Hamburger SK 1830"]
[PlyCount "47"]
[WhiteFideId "13829610"]
[BlackFideId "16265831"]
[EventCountry "GER"]
[EventRounds "7"]
[EventType "team-swiss"]
[EventDate "2024.12.26"]

1. e4 e5 2. Nf3 Nc6 3. Bb5 a6 4. Ba4 Nf6 5. O-O Be7 6. Re1 O-O 7. Bxc6 dxc6 8.
Nxe5 Bc5 9. c3 Re8 10. d4 Bb6 11. Bg5 h6 12. Bf4 Be6 13. Nd2 Nd7 14. Nec4 Ba7
15. Qf3 Nf6 16. h3 Qe7 17. Be5 Nd7 18. Bxc7 Bb8 19. Bxb8 Raxb8 20. d5 b5 21.
dxe6 bxc4 22. exd7 Qxd7 23. Nxc4 Qe6 24. b3 1-0

[Event "DVM U16 2024"]
[Site "Sebnitz GER"]
[Date "2024.12.29"]
[Round "6"]
[White "Kellner, Anton"]
[Black "Sasikumar Anitha, Sarvesh"]
[Result "1-0"]
[Termination "normal"]
[Board "8.2"]
[WhiteElo "1788"]
[BlackElo "1850"]
[WhiteTeam "Hamburger SK 1830"]
[BlackTeam "SK 1858 Gießen"]
[PlyCount "59"]
[WhiteFideId "16293185"]
[BlackFideId "34609245"]
[EventCountry "GER"]
[EventRounds "7"]
[EventType "team-swiss"]
[EventDate "2024.12.26"]

1. d4 Nf6 2. c4 e6 3. Nf3 b6 4. Nc3 Bb7 5. Bg5 Be7 6. e3 O-O 7. Bd3 c5 8. O-O
cxd4 9. exd4 d5 10. Re1 Nbd7 11. Qe2 dxc4 12. Bxc4 Re8 13. Rad1 h6 14. Bh4 Rc8
15. Ne5 Qc7 16. Nb5 Qd8 17. Nxf7 Bb4 18. Nxd8 Rexd8 19. Bxe6+ Kh8 20. Bxf6 gxf6
21. Qh5 Bf8 22. Nd6 Rb8 23. Qg6 Bg7 24. Nf7+ Kg8 25. Nxd8+ Kh8 26. Nf7+ Kg8 27.
Nxh6+ Kh8 28. Nf5 Rg8 29. Bxg8 Kxg8 30. Qxg7# 1-0

[Event "DVM U16 2024"]
[Site "Sebnitz GER"]
[Date "2024.12.29"]
[Round "6"]
[White "Himmelspacht, Maxim"]
[Black "Wartenberg, Alissa"]
[Result "0-1"]
[Termination "normal"]
[Board "8.3"]
[WhiteElo "1808"]
[BlackElo "1830"]
[WhiteTeam "SK 1858 Gießen"]
[BlackTeam "Hamburger SK 1830"]
[PlyCount "58"]
[WhiteFideId "16287932"]
[BlackFideId "16280741"]
[EventCountry "GER"]
[EventRounds "7"]
[EventType "team-swiss"]
[EventDate "2024.12.26"]

1. e4 e5 2. Nf3 Nc6 3. d4 exd4 4. Nxd4 Nf6 5. Nxc6 bxc6 6. Bd3 d5 7. exd5 cxd5
8. O-O Be7 9. Re1 O-O 10. Bf4 Bd6 11. Bxd6 Qxd6 12. b3 Ng4 13. h3 Qh2+ 14. Kf1
Qh1+ 15. Ke2 Qxg2 16. Kd2 Nxf2 17. Rg1 Qh2 18. Bxh7+ Kh8 19. Qh5 Ne4+ 20. Kd3
Qxh3+ 21. Qxh3 Nf2+ 22. Kd4 Nxh3 23. Rh1 Kxh7 24. Nd2 g5 25. Nf3 Kg7 26. Rh2 g4
27. Ng1 Nxg1 28. Rxg1 Rh8 29. Re2 Be6 0-1

[Event "DVM U16 2024"]
[Site "Sebnitz GER"]
[Date "2024.12.29"]
[Round "6"]
[White "Wokel, Justus"]
[Black "Reis, Tim"]
[Result "1/2-1/2"]
[Termination "normal"]
[Board "8.4"]
[WhiteElo "1710"]
[BlackElo "1080"]
[WhiteTeam "Hamburger SK 1830"]
[BlackTeam "SK 1858 Gießen"]
[PlyCount "102"]
[WhiteFideId "34652922"]
[BlackFideId "34652493"]
[EventCountry "GER"]
[EventRounds "7"]
[EventType "team-swiss"]
[EventDate "2024.12.26"]

1. d4 d5 2. c4 Nf6 3. Nc3 e6 4. cxd5 exd5 5. Bg5 Be7 6. Nf3 h6 7. Bh4 O-O 8. e3
Nc6 9. Bd3 Re8 10. h3 Ne4 11. Bxe7 Qxe7 12. Nxd5 Qd6 13. Bxe4 Rxe4 14. Nc3 Re8
15. e4 Bf5 16. e5 Qb4 17. Qd2 Rad8 18. Ne2 Qxd2+ 19. Nxd2 Nxd4 20. Nxd4 Rxd4
21. Nf3 Re4+ 22. Kf1 Rb4 23. b3 Be4 24. Re1 Bxf3 25. gxf3 Rb5 26. f4 Ra5 27. a4
b5 28. axb5 Rxb5 29. Rc1 c5 30. Kg2 Ra8 31. Rc3 a5 32. Rhc1 a4 33. bxa4 Rxa4
34. Kf3 Raa5 35. Rc4 Kf8 36. Ke4 Ke7 37. Kd5 Ra3 38. R1c3 Ra2 39. Rxc5 Rxc5+
40. Rxc5 Rxf2 41. Rc7+ Kf8 42. Ke4 Rh2 43. Rc3 Ke7 44. Kf5 g6+ 45. Kg4 Ke6 46.
Rc6+ Ke7 47. Rc3 Rg2+ 48. Kf3 Rb2 49. Rd3 Rb6 50. h4 f6 51. exf6+ Kxf6 1/2-1/2

[Event "DVM U16 2024"]
[Site "Sebnitz GER"]
[Date "2024.12.29"]
[Round "6"]
[White "Geist, Tim"]
[Black "Sommerfeld, Felix"]
[Result "1-0"]
[Termination "normal"]
[Board "9.1"]
[WhiteElo "2011"]
[BlackElo "1787"]
[WhiteTeam "SV Isental"]
[BlackTeam "Krefelder SK Turm 1851"]
[PlyCount "57"]
[WhiteFideId "34604324"]
[BlackFideId "34646744"]
[EventCountry "GER"]
[EventRounds "7"]
[EventType "team-swiss"]
[EventDate "2024.12.26"]

1. e4 c5 2. Nf3 e6 3. d4 cxd4 4. Nxd4 Nc6 5. Nc3 Qc7 6. Be3 a6 7. Qd2 Nf6 8.
O-O-O b5 9. Bf4 d6 10. Nxc6 Qxc6 11. e5 b4 12. exf6 bxc3 13. Qxc3 Qxc3 14. bxc3
d5 15. Be5 gxf6 16. Bxf6 Ba3+ 17. Kd2 Rg8 18. g3 Rg6 19. Bd4 Bd6 20. Bd3 f5 21.
Rde1 Kf7 22. c4 Bb7 23. Rb1 Rb8 24. Ba7 dxc4 25. Bxb8 Bxh1 26. Bxd6 Bd5 27. Be2
Rg8 28. Rb8 Rg5 29. h4 1-0

[Event "DVM U16 2024"]
[Site "Sebnitz GER"]
[Date "2024.12.29"]
[Round "6"]
[White "Ramolla, Jan"]
[Black "Navarro Jahnke, Leo"]
[Result "1/2-1/2"]
[Termination "normal"]
[Board "9.2"]
[WhiteElo "1809"]
[BlackElo "2001"]
[WhiteTeam "Krefelder SK Turm 1851"]
[BlackTeam "SV Isental"]
[PlyCount "81"]
[WhiteFideId "34678697"]
[BlackFideId "16234146"]
[EventCountry "GER"]
[EventRounds "7"]
[EventType "team-swiss"]
[EventDate "2024.12.26"]

1. e4 c5 2. Nf3 Nf6 3. e5 Nd5 4. Nc3 e6 5. Nxd5 exd5 6. d4 Nc6 7. dxc5 Bxc5 8.
Qxd5 Qb6 9. Qd2 O-O 10. Bd3 d6 11. O-O dxe5 12. Qg5 Re8 13. Qh4 h6 14. Bxh6
gxh6 15. Qxh6 e4 16. Ng5 Bf5 17. Nxe4 Bxe4 18. Qg5+ Kh7 19. Bxe4+ Rxe4 20. Qf5+
Kg7 21. Qxe4 Bd4 22. Rad1 Rh8 23. c3 Be5 24. g3 Rh6 25. Rd5 Bc7 26. Rfd1 Re6
27. Rg5+ Kf8 28. Qh7 Ne5 29. Rg8+ Ke7 30. Qh4+ Rf6 31. Qb4+ Qxb4 32. cxb4 Bb6
33. Kh1 Rxf2 34. Re1 Kf6 35. Re4 Rxb2 36. Rf4+ Ke7 37. Rb8 Nd7 38. Rxb7 Rxa2
39. h4 f6 40. h5 Kd6 41. h6 1/2-1/2

[Event "DVM U16 2024"]
[Site "Sebnitz GER"]
[Date "2024.12.29"]
[Round "6"]
[White "Geist, Denis"]
[Black "Vasylieva, Kira"]
[Result "1-0"]
[Termination "normal"]
[Board "9.3"]
[WhiteElo "1935"]
[BlackElo "1647"]
[WhiteTeam "SV Isental"]
[BlackTeam "Krefelder SK Turm 1851"]
[PlyCount "81"]
[WhiteFideId "34605100"]
[BlackFideId "34653465"]
[EventCountry "GER"]
[EventRounds "7"]
[EventType "team-swiss"]
[EventDate "2024.12.26"]

1. e4 e5 2. Nf3 Nc6 3. d4 exd4 4. Bc4 Bb4+ 5. c3 dxc3 6. O-O Nge7 7. bxc3 Ba5
8. Ng5 O-O 9. Qh5 h6 10. Nxf7 Rxf7 11. Bxf7+ Kf8 12. f4 d6 13. f5 Ne5 14. f6
Bb6+ 15. Kh1 Ng8 16. Bxg8 Bg4 17. fxg7+ Kxg8 18. Qxh6 Nf7 19. Rxf7 Kxf7 20.
Qf4+ Qf6 21. h3 Qxf4 22. Bxf4 Be6 23. Nd2 Kxg7 24. e5 dxe5 25. Bxe5+ Kg6 26. a4
Be3 27. Nf1 Bg5 28. Bxc7 Bf6 29. Re1 Bd7 30. Rb1 Bxc3 31. Rxb7 Bxa4 32. Bb8 a5
33. Rb6+ Kg5 34. Nh2 Bd1 35. g4 Be2 36. Bg3 Bxg4 37. hxg4 a4 38. Kg2 a3 39.
Nf3+ Kxg4 40. Rb5 Bf6 41. Nh2# 1-0

[Event "DVM U16 2024"]
[Site "Sebnitz GER"]
[Date "2024.12.29"]
[Round "6"]
[White "Bitter, Daniel"]
[Black "Ruhland, Nico"]
[Result "0-1"]
[Termination "normal"]
[Board "9.4"]
[WhiteElo "1689"]
[BlackElo "1618"]
[WhiteTeam "Krefelder SK Turm 1851"]
[BlackTeam "SV Isental"]
[PlyCount "36"]
[WhiteFideId "34646710"]
[BlackFideId "34646345"]
[EventCountry "GER"]
[EventRounds "7"]
[EventType "team-swiss"]
[EventDate "2024.12.26"]

1. e4 e5 2. Nf3 Nf6 3. Nc3 Nc6 4. Bc4 Nxe4 5. Bxf7+ Kxf7 6. Nxe4 Be7 7. d3 h6
8. Be3 d5 9. Ng3 Rf8 10. h3 Be6 11. d4 e4 12. Nd2 Kg8 13. O-O Bd6 14. Ne2 Qh4
15. g3 Qxh3 16. Bf4 Bg4 17. f3 Bxf4 18. Nxf4 Qxg3+ 0-1

[Event "DVM U16 2024"]
[Site "Sebnitz GER"]
[Date "2024.12.29"]
[Round "6"]
[White "Polzin, Gustav"]
[Black "Trenz, Finn"]
[Result "1/2-1/2"]
[Termination "normal"]
[Board "10.1"]
[WhiteElo "2018"]
[BlackElo "1914"]
[WhiteTeam "USV Halle"]
[BlackTeam "SV Multatuli Ingelheim"]
[PlyCount "111"]
[WhiteFideId "34603280"]
[BlackFideId "16279379"]
[EventCountry "GER"]
[EventRounds "7"]
[EventType "team-swiss"]
[EventDate "2024.12.26"]

1. e4 c6 2. d4 d5 3. Nd2 dxe4 4. Nxe4 Nf6 5. Nxf6+ exf6 6. c3 Bd6 7. Bd3 Na6 8.
Be3 Nc7 9. Qf3 Be6 10. Ne2 h5 11. Bf4 Nd5 12. Bxd6 Qxd6 13. Qg3 Qxg3 14. Nxg3
Nf4 15. Bf1 O-O-O 16. b3 h4 17. Ne4 Bd5 18. f3 Rde8 19. O-O-O Bxe4 20. fxe4
Rxe4 21. Kd2 f5 22. b4 b5 23. Rg1 g5 24. Re1 Rhe8 25. Ra1 Kb7 26. g3 hxg3 27.
hxg3 Nd5 28. a4 a6 29. axb5 axb5 30. Ra2 Re3 31. c4 bxc4 32. Bxc4 R3e4 33. Kd3
Re3+ 34. Kd2 R3e4 35. Kd3 f4 36. b5 Re3+ 37. Kd2 R8e4 38. bxc6+ Kxc6 39. Bxd5+
Kxd5 40. gxf4 gxf4 41. Rg5+ Ke6 42. Ra6+ Ke7 43. Rf5 Rxd4+ 44. Kc2 Rd7 45. Raf6
Ke8 46. Rxf4 Re6 47. Rxe6+ fxe6 48. Kc3 e5 49. Rf5 Re7 50. Kc4 Kd7 51. Kd5 e4
52. Rf2 e3 53. Re2 Re8 54. Kd4 Kd6 55. Rxe3 Rxe3 56. Kxe3 1/2-1/2

[Event "DVM U16 2024"]
[Site "Sebnitz GER"]
[Date "2024.12.29"]
[Round "6"]
[White "González Peisker, Mateo León"]
[Black "Haase, Alexander"]
[Result "0-1"]
[Termination "normal"]
[Board "10.2"]
[WhiteElo "1577"]
[BlackElo "1701"]
[WhiteTeam "SV Multatuli Ingelheim"]
[BlackTeam "USV Halle"]
[PlyCount "50"]
[WhiteFideId "34610138"]
[BlackFideId "34606602"]
[EventCountry "GER"]
[EventRounds "7"]
[EventType "team-swiss"]
[EventDate "2024.12.26"]

1. d4 Nf6 2. Nf3 g6 3. Bf4 Bg7 4. e3 O-O 5. Bd3 d6 6. O-O Nh5 7. Nbd2 Nxf4 8.
exf4 c5 9. c3 cxd4 10. cxd4 Nc6 11. Nb3 a5 12. a4 Nb4 13. Bc4 d5 14. Bb5 Bg4
15. h3 Bf5 16. Rc1 Bh6 17. Qd2 Qd6 18. Ng5 f6 19. g4 Bc8 20. Nxa5 Rxa5 21. Rc5
fxg5 22. fxg5 Bg7 23. Qxb4 b6 24. Qd2 bxc5 25. Qxa5 Bxd4 0-1

[Event "DVM U16 2024"]
[Site "Sebnitz GER"]
[Date "2024.12.29"]
[Round "6"]
[White "Lischka, Marten"]
[Black "Gyácsok, Dzvinka"]
[Result "1-0"]
[Termination "normal"]
[Board "10.3"]
[WhiteElo "1747"]
[BlackElo "1735"]
[WhiteTeam "USV Halle"]
[BlackTeam "SV Multatuli Ingelheim"]
[PlyCount "107"]
[WhiteFideId "34603328"]
[BlackFideId "16298292"]
[EventCountry "GER"]
[EventRounds "7"]
[EventType "team-swiss"]
[EventDate "2024.12.26"]

1. e4 e5 2. Nf3 Nc6 3. Bc4 Bc5 4. c3 Nf6 5. d4 exd4 6. O-O Nxe4 7. cxd4 Bb6 8.
d5 Nxf2 9. Rxf2 Bxf2+ 10. Kxf2 Ne7 11. d6 cxd6 12. Nc3 Qb6+ 13. Kf1 O-O 14. Qe2
Ng6 15. Nd5 Qc6 16. a4 b6 17. h4 Kh8 18. Nd4 Qb7 19. Nb5 Qc6 20. Nd4 Qb7 21.
Bf4 Nxf4 22. Nxf4 Qc7 23. Nd5 Qd8 24. Nf5 Rb8 25. Qg4 g6 26. Qd4+ f6 27. Nxd6
Bb7 28. Re1 Bxd5 29. Qxd5 Kg7 30. Kg1 f5 31. Qe5+ Qf6 32. Qe7+ Qxe7 33. Rxe7+
Kh6 34. Rxd7 Rbd8 35. Nf7+ Rxf7 36. Rxd8 Rc7 37. b3 Kh5 38. Rd4 Re7 39. Kf2 Re4
40. Rxe4 fxe4 41. g3 Kg4 42. Be6+ Kh5 43. Bd5 g5 44. hxg5 Kxg5 45. Bxe4 h6 46.
Kf3 Kf6 47. Kg4 Ke5 48. Bd3 Kf6 49. Kh5 Kg7 50. g4 a5 51. Bc2 Kf6 52. Kxh6 Ke5
53. Bd3 Kd4 54. Bc4 1-0

[Event "DVM U16 2024"]
[Site "Sebnitz GER"]
[Date "2024.12.29"]
[Round "6"]
[White "Montonen, Elias"]
[Black "Knüpfer, Johannes"]
[Result "0-1"]
[Termination "normal"]
[Board "10.4"]
[WhiteElo "1186"]
[BlackElo "1655"]
[WhiteTeam "SV Multatuli Ingelheim"]
[BlackTeam "USV Halle"]
[PlyCount "78"]
[BlackFideId "34605967"]
[EventCountry "GER"]
[EventRounds "7"]
[EventType "team-swiss"]
[EventDate "2024.12.26"]

1. e4 e5 2. Nc3 Nf6 3. f4 d5 4. fxe5 Nxe4 5. Qf3 Nxc3 6. bxc3 Be7 7. d4 c5 8.
Bd3 Nc6 9. Ne2 Be6 10. O-O Qa5 11. Be3 O-O-O 12. Bf5 Qa4 13. Qg4 Qxc2 14. Bxe6+
fxe6 15. Qxe6+ Kb8 16. Rfe1 Rhe8 17. Rab1 Ka8 18. Qg4 g5 19. Qh5 cxd4 20. cxd4
Qd3 21. Bf2 Rf8 22. Rb3 Qc2 23. Qh3 Bb4 24. Rxb4 Nxb4 25. Qc3 Qxc3 26. Nxc3
Rxf2 27. Kxf2 Nd3+ 28. Ke2 Nxe1 29. Kxe1 Kb8 30. Kf2 Kc7 31. Kf3 h5 32. g3 Kc6
33. Ke3 Rf8 34. Ke2 b5 35. a3 a5 36. Na2 g4 37. Nc1 b4 38. axb4 axb4 39. Nb3
Kb5 0-1

[Event "DVM U16 2024"]
[Site "Sebnitz GER"]
[Date "2024.12.30"]
[Round "7"]
[White "Möller, Maurin"]
[Black "Semling, Julius"]
[Result "1/2-1/2"]
[Termination "normal"]
[Board "1.1"]
[WhiteElo "2233"]
[BlackElo "2213"]
[WhiteTeam "SK Blauer Springer Paderborn 1926"]
[BlackTeam "OSG Baden-Baden"]
[PlyCount "64"]
[WhiteFideId "16265696"]
[BlackFideId "16290160"]
[EventCountry "GER"]
[EventRounds "7"]
[EventType "team-swiss"]
[EventDate "2024.12.26"]

1. e4 c5 2. Nf3 d6 3. d4 cxd4 4. Nxd4 Nf6 5. Bc4 e6 6. Bd3 Be7 7. O-O Nc6 8.
Nxc6 bxc6 9. c4 O-O 10. Qc2 h6 11. Re1 e5 12. c5 dxc5 13. Na3 Nd7 14. Bd2 Nb6
15. Rac1 Be6 16. Be3 Qc7 17. b3 Rfd8 18. Bc4 Nxc4 19. Nxc4 Bxc4 20. Qxc4 Qa5
21. h3 Rab8 22. Re2 Rb4 23. Qc2 Qa6 24. Rd2 Rxd2 25. Bxd2 Rb7 26. Bc3 c4 27.
Bxe5 Qb5 28. Bd4 cxb3 29. axb3 c5 30. Be3 Qxb3 31. Qxb3 Rxb3 32. Bxc5 Bxc5
1/2-1/2

[Event "DVM U16 2024"]
[Site "Sebnitz GER"]
[Date "2024.12.30"]
[Round "7"]
[White "Semling, Johannes"]
[Black "Weeke, Tom"]
[Result "0-1"]
[Termination "normal"]
[Board "1.2"]
[WhiteElo "2180"]
[BlackElo "1785"]
[WhiteTeam "OSG Baden-Baden"]
[BlackTeam "SK Blauer Springer Paderborn 1926"]
[PlyCount "66"]
[WhiteFideId "16290151"]
[BlackFideId "34607080"]
[EventCountry "GER"]
[EventRounds "7"]
[EventType "team-swiss"]
[EventDate "2024.12.26"]

1. Nf3 d5 2. e3 c5 3. b3 Nf6 4. Bb2 g6 5. c4 Bg7 6. cxd5 O-O 7. Qc2 Qxd5 8. Nc3
Qd8 9. Ne2 Nbd7 10. Ng3 b6 11. Be2 Bb7 12. O-O Rc8 13. Rac1 Re8 14. d3 e5 15.
Rfd1 Nd5 16. Qb1 f5 17. Nf1 g5 18. d4 e4 19. Ne1 cxd4 20. Bxd4 Bxd4 21. Rxc8
Qxc8 22. Rxd4 Ne5 23. Bc4 Nxc4 24. bxc4 Nf6 25. Qb2 Nd7 26. Qa3 Qc7 27. Ng3 Re5
28. Qc3 Ra5 29. Nh5 Ne5 30. a3 Kf7 31. Nc2 Bd5 32. Nb4 Bxc4 33. g4 Nf3+ 0-1

[Event "DVM U16 2024"]
[Site "Sebnitz GER"]
[Date "2024.12.30"]
[Round "7"]
[White "Rogalski, Niclas"]
[Black "Uhlmann, Tim"]
[Result "0-1"]
[Termination "normal"]
[Board "1.3"]
[WhiteElo "1666"]
[BlackElo "2041"]
[WhiteTeam "SK Blauer Springer Paderborn 1926"]
[BlackTeam "OSG Baden-Baden"]
[PlyCount "118"]
[WhiteFideId "34640320"]
[BlackFideId "16239210"]
[EventCountry "GER"]
[EventRounds "7"]
[EventType "team-swiss"]
[EventDate "2024.12.26"]

1. e4 e5 2. Nf3 Nc6 3. d4 exd4 4. Bc4 Nf6 5. e5 d5 6. Bb5 Ne4 7. Nxd4 Bd7 8.
Bxc6 bxc6 9. O-O Be7 10. f3 Nc5 11. Be3 O-O 12. f4 f5 13. Nd2 Ne4 14. Nxe4 fxe4
15. Nb3 Qe8 16. Nc5 Bc8 17. c3 Qg6 18. Qd2 h5 19. Kh1 h4 20. h3 Rf5 21. Rad1
Qf7 22. Qd4 g5 23. e6 Qf8 24. Nd7 Bxd7 25. exd7 gxf4 26. Bc1 Bc5 27. Qd2 e3 28.
Qe2 Qg7 29. b4 Bb6 30. c4 Raf8 31. c5 Qxd7 32. Qg4+ Qg7 33. Qxg7+ Kxg7 34. Rfe1
Rg5 35. Re2 Kg6 36. Rd4 Rff5 37. Bxe3 fxe3 38. Rxe3 Rf1+ 39. Kh2 Rf2 40. Rg4
Rxg4 41. hxg4 Rxa2 42. Kh3 Rb2 43. cxb6 cxb6 44. Kxh4 c5 45. bxc5 bxc5 46. Rc3
c4 47. Rc1 Rb6 48. Kg3 Rc6 49. Kf4 d4 50. Ke4 d3 51. Ke3 Kg5 52. Kd2 Kxg4 53.
Rc3 Kg3 54. Ra3 a6 55. Rc3 Kxg2 56. Ke3 Kg3 57. Rc1 Kg4 58. Rc3 Kf5 59. Kd2 Ke4
0-1

[Event "DVM U16 2024"]
[Site "Sebnitz GER"]
[Date "2024.12.30"]
[Round "7"]
[White "Miller, Lysander"]
[Black "Wolek, Lukas"]
[Result "1/2-1/2"]
[Termination "normal"]
[Board "1.4"]
[WhiteElo "1788"]
[BlackElo "1626"]
[WhiteTeam "OSG Baden-Baden"]
[BlackTeam "SK Blauer Springer Paderborn 1926"]
[PlyCount "93"]
[WhiteFideId "34628398"]
[BlackFideId "34689796"]
[EventCountry "GER"]
[EventRounds "7"]
[EventType "team-swiss"]
[EventDate "2024.12.26"]

1. e4 e5 2. Nf3 Nc6 3. Nc3 Nf6 4. a3 d5 5. Bb5 Nxe4 6. Nxe5 Qf6 7. Nf3 Nd6 8.
Qe2+ Qe6 9. Nd4 Qxe2+ 10. Ndxe2 Nxb5 11. Nxb5 Kd8 12. Nf4 a6 13. Nc3 Nd4 14.
Kd1 Bg4+ 15. Nfe2 Bxe2+ 16. Nxe2 Nxe2 17. Kxe2 Bd6 18. d3 Re8+ 19. Kd1 Kd7 20.
Bd2 Re6 21. a4 Bc5 22. f3 Rae8 23. Re1 Bd6 24. g3 h5 25. Bc3 Rxe1+ 26. Bxe1 h4
27. gxh4 Re3 28. Bf2 Rxf3 29. Ke2 Rh3 30. Rg1 g6 31. Rg5 Ke6 32. Bg3 Bxg3 33.
hxg3 Rh2+ 34. Kd1 Rf2 35. d4 Rg2 36. Kc1 c6 37. Re5+ Kf6 38. Re3 Kf5 39. a5 Kf6
40. Rb3 Rg1+ 41. Kd2 Kf5 42. Rxb7 Ke4 43. Rxf7 Kxd4 44. Rf6 Rg2+ 45. Kd1 Rg1+
46. Kd2 Rg2+ 47. Kd1 1/2-1/2

[Event "DVM U16 2024"]
[Site "Sebnitz GER"]
[Date "2024.12.30"]
[Round "7"]
[White "Torosyan, Bagrat"]
[Black "Vollbehr, Bjarne"]
[Result "1-0"]
[Termination "normal"]
[Board "2.1"]
[WhiteElo "2153"]
[BlackElo "2075"]
[WhiteTeam "TSG Oberschöneweide"]
[BlackTeam "SK Doppelbauer Kiel 1910"]
[PlyCount "89"]
[WhiteFideId "16258134"]
[BlackFideId "34606025"]
[EventCountry "GER"]
[EventRounds "7"]
[EventType "team-swiss"]
[EventDate "2024.12.26"]

1. Nf3 Nf6 2. g3 b5 3. a4 b4 4. Bg2 Bb7 5. O-O e6 6. d3 d5 7. Nbd2 Be7 8. c4
O-O 9. Qc2 c5 10. cxd5 exd5 11. e4 Nc6 12. Nb3 dxe4 13. dxe4 Na5 14. Nfd2 Rc8
15. Nxa5 Qxa5 16. Nc4 Qa6 17. b3 Nd7 18. Bh3 Rcd8 19. Bb2 Qh6 20. Bg2 Nb6 21.
Ne3 g6 22. Ng4 Qg5 23. Bf3 Rd2 24. Qc1 Rfd8 25. h4 Qh5 26. Bf6 Qxg4 27. Bxg4
Bxf6 28. Qxc5 Bxa1 29. Rxa1 Bxe4 30. Re1 Bc2 31. Qxb4 R2d4 32. Re8+ Rxe8 33.
Qxd4 Bxb3 34. a5 Nd5 35. h5 h6 36. hxg6 fxg6 37. Qd3 Ba2 38. Qxg6+ Kf8 39.
Qxh6+ Ke7 40. Qe6+ Kf8 41. Qf5+ Kg7 42. Qg5+ Kf8 43. Qh6+ Ke7 44. Qg7+ Kd6 45.
Qd7+ 1-0

[Event "DVM U16 2024"]
[Site "Sebnitz GER"]
[Date "2024.12.30"]
[Round "7"]
[White "Bräutigam, Alexander"]
[Black "Bongardt, Livius"]
[Result "1-0"]
[Termination "normal"]
[Board "2.2"]
[WhiteElo "2054"]
[BlackElo "1975"]
[WhiteTeam "SK Doppelbauer Kiel 1910"]
[BlackTeam "TSG Oberschöneweide"]
[PlyCount "57"]
[WhiteFideId "16245210"]
[BlackFideId "16265718"]
[EventCountry "GER"]
[EventRounds "7"]
[EventType "team-swiss"]
[EventDate "2024.12.26"]

1. c4 Nf6 2. Nf3 g6 3. Nc3 Bg7 4. e4 d6 5. d4 O-O 6. Be2 e5 7. Be3 Ng4 8. Bg5
f6 9. Bh4 g5 10. Bg3 Nh6 11. h3 Nc6 12. d5 Ne7 13. Bh2 g4 14. Nh4 Qd7 15. hxg4
Nxg4 16. Nf5 Nxh2 17. Nxg7 Kxg7 18. Rxh2 Ng6 19. Qd2 Kg8 20. O-O-O Nf4 21. Bf3
Rf7 22. Rdh1 Qe7 23. g3 Ng6 24. Qh6 Rg7 25. Nd1 f5 26. Ne3 f4 27. Nf5 Bxf5 28.
exf5 e4 29. Bd1 1-0

[Event "DVM U16 2024"]
[Site "Sebnitz GER"]
[Date "2024.12.30"]
[Round "7"]
[White "Smith, Tobias"]
[Black "Bräutigam, Katerina"]
[Result "1/2-1/2"]
[Termination "normal"]
[Board "2.3"]
[BlackTitle "WFM"]
[WhiteElo "2006"]
[BlackElo "1947"]
[WhiteTeam "TSG Oberschöneweide"]
[BlackTeam "SK Doppelbauer Kiel 1910"]
[PlyCount "61"]
[WhiteFideId "16254228"]
[BlackFideId "16242980"]
[EventCountry "GER"]
[EventRounds "7"]
[EventType "team-swiss"]
[EventDate "2024.12.26"]

1. d4 Nf6 2. c4 e6 3. Nc3 Bb4 4. e3 b6 5. Bd3 Bb7 6. Nh3 Bxg2 7. Rg1 Bxh3 8.
Qf3 d5 9. Qxh3 g6 10. Bd2 c6 11. Qf3 Nh5 12. cxd5 exd5 13. a3 Bxc3 14. bxc3 Nd7
15. e4 Qf6 16. Qe3 O-O 17. Qh3 dxe4 18. Bc4 b5 19. Be2 Nf4 20. Qxd7 Nxe2 21.
Kxe2 Qf3+ 22. Ke1 f5 23. Qxc6 Rae8 24. Qxb5 e3 25. fxe3 Rxe3+ 26. Bxe3 Qxe3+
27. Kf1 Qf3+ 28. Ke1 Qe3+ 29. Kf1 Qf3+ 30. Ke1 Qe3+ 31. Kf1 1/2-1/2

[Event "DVM U16 2024"]
[Site "Sebnitz GER"]
[Date "2024.12.30"]
[Round "7"]
[White "Farokhi, Darian"]
[Black "Sundui, Chinguun"]
[Result "0-1"]
[Termination "normal"]
[Board "2.4"]
[WhiteElo "1858"]
[BlackElo "1945"]
[WhiteTeam "SK Doppelbauer Kiel 1910"]
[BlackTeam "TSG Oberschöneweide"]
[PlyCount "80"]
[WhiteFideId "16253108"]
[BlackFideId "4907930"]
[EventCountry "GER"]
[EventRounds "7"]
[EventType "team-swiss"]
[EventDate "2024.12.26"]

1. e4 c5 2. Nf3 e6 3. d4 cxd4 4. Nxd4 Nf6 5. Nc3 Nc6 6. Be3 Bb4 7. Nxc6 bxc6 8.
Bd3 d5 9. exd5 Nxd5 10. Bd2 O-O 11. Ne4 Qb6 12. c4 Nf4 13. O-O Nxd3 14. Be3 Qd8
15. Qb3 f5 16. Bg5 Be7 17. Bxe7 Qxe7 18. Qxd3 fxe4 19. Qxe4 Bb7 20. Rfe1 Rae8
21. Qc2 c5 22. Re3 e5 23. Rae1 Qf6 24. f3 Re7 25. Qc3 Rfe8 26. Qa5 Qd6 27. Qa4
Qd4 28. Qb5 e4 29. Kf1 a6 30. Qb3 exf3 31. gxf3 Rxe3 32. Rxe3 Qxe3 33. Qxb7
Qe2+ 34. Kg1 Qe1+ 35. Kg2 Re2+ 36. Kh3 Qf1+ 37. Kg4 Qg2+ 38. Kf4 Qxh2+ 39. Kf5
Re5+ 40. Kg4 h5# 0-1

[Event "DVM U16 2024"]
[Site "Sebnitz GER"]
[Date "2024.12.30"]
[Round "7"]
[White "Trunz, Michelle"]
[Black "Nunez Grégoire, Daniel"]
[Result "0-1"]
[Termination "normal"]
[Board "3.1"]
[WhiteElo "2115"]
[BlackElo "2041"]
[WhiteTeam "SG Porz"]
[BlackTeam "Stuttgarter SF 1879"]
[PlyCount "100"]
[WhiteFideId "16227980"]
[BlackFideId "34627103"]
[EventCountry "GER"]
[EventRounds "7"]
[EventType "team-swiss"]
[EventDate "2024.12.26"]

1. d4 d5 2. c4 e6 3. Nc3 Nf6 4. Bg5 c6 5. e3 h6 6. Bh4 Nbd7 7. Nf3 Be7 8. Bd3
O-O 9. O-O dxc4 10. Bxc4 b5 11. Bd3 Bb7 12. Rc1 Rc8 13. Qe2 a6 14. a4 b4 15.
Ne4 Nxe4 16. Bxe7 Qxe7 17. Bxe4 f5 18. Bd3 a5 19. e4 f4 20. e5 c5 21. Bb1 Bxf3
22. Qxf3 cxd4 23. Qe4 Qg5 24. h4 Qxe5 25. Qh7+ Kf7 26. Rce1 Qf6 27. Qd3 Rc5 28.
Ba2 Re8 29. Re4 Nf8 30. Rxd4 Kg8 31. g3 Rf5 32. g4 Re5 33. h5 Rg5 34. f3 Re5
35. Re4 Rxe4 36. Qxe4 Qxb2 37. Bc4 Rd8 38. Rf2 Qd4 39. Qxd4 Rxd4 40. Rc2 Kf7
41. Kf2 Nd7 42. Ke2 Ne5 43. Bb5 b3 44. Rb2 Rb4 45. Bd3 Nxd3 46. Kxd3 e5 47. Kc3
Ke6 48. Kd3 e4+ 49. fxe4 Ke5 50. Kd2 Kxe4 0-1